000 01583nam0a2200337 4500
001 RU\NLR\bibl\1144116
005 20260407082636.0
021 _aRU
_b2007-62278
_93327
035 _a(NLR Aleph) 001130949
090 _a1357548
_c1357548
100 _a20071023d2007 |||y0rusy50 ca
101 0 _arus
102 _aRU
105 _ay |||||||||
200 1 _aМетодические рекомендации по поиску новых партнеров по международному книгообмену для ГПНТБ СО РАН
_fГПНТБ СО РАН
_gсост.: Л.В. Босина, И.Г. Каржаневич
210 _aНовосибирск
_cГПНТБ
_d2007
215 _a16 с.
_d21
320 _aБиблиогр. в подстроч. примеч.
601 0 2 _aГосударственная публичная научно-техническая библиотека
_cНовосибирск, город
_92177376
_3RU\NLR\auth\661309541
606 1 _aМеждународный книгообмен
_92344855
_3RU\NLR\auth\661401321
686 _aЧ736.114.4
686 _aЧ734(2)715.215
702 1 _aБосина
_bЛ. В.
_gЛариса Викторовна
_4220
712 0 2 _4570
_aГосударственная публичная научно-техническая библиотека
_cНовосибирск
_9290140
_3RU\NLR\AUTH\888824
801 0 _aRU
_bNLR
_c20071023
_gRCR
801 1 _aRU
_bNLR
_c20071023
830 _aсост. по кн.
942 _cBOOK
980 _aNB